Sports Quiz

Random Sports or Logic Quiz

NBA Logic Puzzle Quiz Stats

 Plays Quiz Updated Oct 31, 2019

Score 0/30 Timer 20:00
205 Plays Today
Box Answer % Correct



A1



???
100%



B1



???
64.2%



F1



???
48.6%



E1



???
41.4%



C1



???
34.6%



A5



???
33.2%



F2



???
32.5%



D1



???
31.9%



B2



???
30.1%



F5



???
29.4%



E4



???
27.3%



D2



???
23.9%



C2



???
23.2%



D4



???
22.5%



B3



???
22.1%
Box Answer % Correct



B5



???
21.8%



B4



???
19.1%



A4



???
18.2%



A2



???
17.1%



D3



???
15.9%



E2



???
15.8%



D5



???
14.3%



F4



???
11.8%



C3



???
9.4%



A3



???
7.6%



E3



???
7.2%



F3



???
7.1%



C4



???
6.9%



C5



???
6.6%



E5



???
5.6%

You're not logged in!

Compare scores with friends on all Sporcle quizzes.
OR
Log In

Sporcle TV

Today on Sporcle TV


Watch our educational content, quiz creation guides, and fun videos on Sporcle TV.

Show Comments

Extras

Top Quizzes Today


Score Distribution

Your Account Isn't Verified!

In order to create a playlist on Sporcle, you need to verify the email address you used during registration. Go to your Sporcle Settings to finish the process.

Report this User

Report this user for behavior that violates our Community Guidelines.

Details: